000 00381nam a2200145Ia 4500
008 240624s9999 xx 000 0 und d
041 _aeng
082 _a658.404 MER
100 _aMEREDITH JACK R
245 _aPROJECT MANAGEMENT A MANAGERIAL APPROACH
250 _a(8th ed.)
260 _c2012
_aNew Delhi
_bWiley India
300 _axv, : 586 : p. : cm. ; 23
365 _cRS
_b33
999 _c25370
_d25370